000 00372nam a2200157 4500
001 45683
090 _a45683
100 _a20260218 pory50
101 _apor
102 _aPT
200 _aA Nossa terra
_dPúblico
_fPúblico
210 _a[Lisboa]
_cPúblico - Comunicação Social
_d[S.d.]
215 _av.
675 _a908(469)(05)
801 _aPT
_gRPC
990 _cPERIODICOS